[Event "Aragon-chT Preferente Gr II"]
[Site "Aragon"]
[Date "2023.01.28"]
[Round "1.55"]
[White "Palomar Ramon, Santiago"]
[Black "Artal Alegria, Francisco Javier"]
[Result "1-0"]
[WhiteElo "1892"]
[BlackElo "1745"]
[PlyCount "93"]
[EventDate "2023.01.28"]
[EventType "team-tourn"]
[EventRounds "9"]
[EventCountry "ESP"]
[SourceTitle "EXT 2024"]
[Source "ChessBase"]
[SourceDate "2023.10.10"]
[SourceVersion "1"]
[SourceVersionDate "2023.10.10"]
[SourceQuality "1"]
[WhiteTeam "San Jose"]
[BlackTeam "Las Fuentes II"]
[WhiteTeamCountry "ESP"]
[BlackTeamCountry "ESP"]

1. e4 e5 2. Nf3 Qe7 3. Bc4 d6 4. d3 Be6 5. Nbd2 g6 6. c3 Nd7 7. a4 Bg7 8. a5 h6 9. a6 b6 10. Bb5 Ngf6 11. 0-0 0-0 12. Re1 Nh5 13. d4 Rad8 14. d5 Bg4 15. h3 Bxf3 16. Nxf3 Qf6 17. Bf1 Rb8 18. b4 Rfd8 19. Be3 Bf8 20. g3 Kh7 21. Bg2 Qe7 22. Nh2 Bg7 23. Ng4 Nhf6 24. Bf3 Nxg4 25. hxg4 g5 26. Be2 f6 27. Kg2 Rh8 28. Rh1 Kg6 29. Bd3 Rh7 30. Qf3 Rhh8 31. Rh5 Nf8 32. Rah1 Qd7 33. Qe2 Rd8 34. f4 Nh7 35. Kf3 Qe7 36. Qh2 Qf8 37. Ke2 Rd7 38. Rf1 Qd8 39. fxe5 fxe5 40. Rf5 Rf8 41. Bxg5 Nxg5 42. Rhxg5+ Kh7 43. Rh5 Rf6 44. g5 Rg6 45. gxh6 Bxh6 46. g4 Rdg7 47. g5 1-0

[Event "Aragon-chT Preferente Gr II"]
[Site "Aragon"]
[Date "2022.03.26"]
[Round "9.69"]
[White "Palomar Ramon, Santiago"]
[Black "Montoro Mavilla, Sergio"]
[Result "1-0"]
[WhiteElo "1900"]
[BlackElo "1784"]
[PlyCount "81"]
[EventDate "2022.01.29"]
[EventType "team-tourn"]
[EventRounds "9"]
[EventCountry "ESP"]
[SourceTitle "EXT 2024"]
[Source "ChessBase"]
[SourceDate "2023.10.10"]
[SourceVersion "1"]
[SourceVersionDate "2023.10.10"]
[SourceQuality "1"]
[WhiteTeam "San Jose"]
[BlackTeam "Jaque Pirenauto II"]
[WhiteTeamCountry "ESP"]
[BlackTeamCountry "ESP"]

1. e4 e6 2. d4 d5 3. Nc3 Nf6 4. e5 Nfd7 5. Nce2 c5 6. c3 Nc6 7. Nf3 Be7 8. Nf4 b6 9. Bd3 Nf8 10. 0-0 c4 11. Bc2 Ba6 12. Re1 h5 13. Nh3 Qd7 14. b3 Rc8 15. Nd2 Na5 16. b4 Nc6 17. Nf3 Bd8 18. Rb1 b5 19. a4 Ne7 20. Ra1 Qb7 21. Bg5 Nh7 22. Bxe7 Bxe7 23. Qb1 Nf8 24. Nfg5 Bd8 25. Re3 Rc7 26. Rf3 Rh6 27. Qc1 Ng6 28. Qd1 Rd7 29. Rg3 Nh4 30. Qd2 Bxg5 31. Nxg5 Rh8 32. Qf4 Nf5 33. Bxf5 exf5 34. Qxf5 Qc6 35. axb5 Bxb5 36. e6 fxe6 37. Nxe6 Rf7 38. Nxg7+ Kf8 39. Ne6+ Ke8 40. Qe5 Rh6 41. Rg8+ 1-0

[Event "Aragon-chT Preferente Gr II"]
[Site "Aragon"]
[Date "2022.02.19"]
[Round "4.68"]
[White "Alvaro Rada, Gonzalo"]
[Black "Palomar Ramon, Santiago"]
[Result "0-1"]
[WhiteElo "1272"]
[BlackElo "1900"]
[PlyCount "64"]
[EventDate "2022.01.29"]
[EventType "team-tourn"]
[EventRounds "9"]
[EventCountry "ESP"]
[SourceTitle "EXT 2024"]
[Source "ChessBase"]
[SourceDate "2023.10.10"]
[SourceVersion "1"]
[SourceVersionDate "2023.10.10"]
[SourceQuality "1"]
[WhiteTeam "Shatranj"]
[BlackTeam "San Jose"]
[WhiteTeamCountry "ESP"]
[BlackTeamCountry "ESP"]

1. e4 e5 2. Nf3 Nc6 3. c3 Nf6 4. d3 a6 5. Bg5 Be7 6. Be2 d6 7. h3 0-0 8. g4 Kh8 9. Nbd2 Ng8 10. Be3 Be6 11. Qc2 d5 12. exd5 Bxd5 13. Ne4 b5 14. 0-0 f5 15. gxf5 Rxf5 16. Kh2 Qf8 17. Qd1 Rd8 18. Nfd2 Bh4 19. Qe1 Nge7 20. Bg4 Rf7 21. Qe2 Ng6 22. Bc5 Qe8 23. Nf3 Nf4 24. Qc2 Be7 25. Nfg5 Bxg5 26. Nxg5 Rf6 27. Ne4 Rh6 28. Rg1 Be6 29. Rg3 Bxg4 30. Rxg4 Rxh3+ 31. Kg1 Qh5 32. Rxf4 Rh1+ 0-1

[Event "Aragon-chT Preferente Gr II"]
[Site "Aragon"]
[Date "2020.03.07"]
[Round "7.58"]
[White "Morato Garcia, Jesus"]
[Black "Palomar Ramon, Santiago"]
[Result "1-0"]
[WhiteElo "1847"]
[BlackElo "1974"]
[PlyCount "63"]
[EventDate "2020.01.25"]
[EventType "team-tourn"]
[EventRounds "7"]
[EventCountry "ESP"]
[SourceTitle "EXT 2024"]
[Source "ChessBase"]
[SourceDate "2023.10.10"]
[SourceVersion "1"]
[SourceVersionDate "2023.10.10"]
[SourceQuality "1"]
[WhiteTeam "Las Fuentes II"]
[BlackTeam "San Jose"]
[WhiteTeamCountry "ESP"]
[BlackTeamCountry "ESP"]

1. d4 d5 2. Nf3 Nc6 3. c4 Bg4 4. cxd5 Bxf3 5. exf3 Qxd5 6. Be3 e5 7. Nc3 Bb4 8. dxe5 Qxe5 9. Qb3 Nge7 10. Bc4 0-0 11. 0-0 Ng6 12. Ne4 a5 13. Ng5 Nd8 14. Rad1 Bd6 15. g3 a4 16. Qc2 c6 17. Rfe1 Bb4 18. Re2 Qc7 19. a3 Ba5 20. Bc5 b5 21. Ba2 Nb7 22. Bxf8 Rxf8 23. Qf5 Nd6 24. Qh3 h6 25. Ne6 fxe6 26. Qxe6+ Kh7 27. Qxd6 Qb7 28. Bb1 Rf6 29. Re6 Qf7 30. Rxf6 gxf6 31. Qxc6 Bd8 32. Rxd8 1-0

[Event "Aragon-chT Honor Gr-B"]
[Site "Aragon"]
[Date "2019.01.26"]
[Round "1.32"]
[White "Llanes Luno, Pedro Alfredo"]
[Black "Palomar Ramon, Santiago"]
[Result "0-1"]
[WhiteElo "2011"]
[BlackElo "1946"]
[PlyCount "56"]
[EventDate "2019.01.26"]
[EventType "team-tourn"]
[EventRounds "7"]
[EventCountry "ESP"]
[SourceTitle "EXT 2020"]
[Source "ChessBase"]
[SourceDate "2019.10.17"]
[SourceVersion "1"]
[SourceVersionDate "2019.10.17"]
[SourceQuality "1"]
[WhiteTeam "Delicias"]
[BlackTeam "San Jose"]
[WhiteTeamCountry "ESP"]
[BlackTeamCountry "ESP"]

1. e4 e6 2. d4 d5 3. Nc3 Nc6 4. Nf3 Nf6 5. e5 Ne4 6. a3 Be7 7. Bd3 Nxc3 8. bxc3 b6 9. h4 Bb7 10. Ng5 Qd7 11. Qh5 Bxg5 12. Bxg5 Ne7 13. Rb1 h6 14. Bd2 Nc6 15. Qg4 0-0-0 16. Qxg7 Qe7 17. Qf6 Qxf6 18. exf6 e5 19. Bf5+ Kb8 20. dxe5 Nxe5 21. 0-0 d4 22. Bf4 Rhg8 23. f3 Nxf3+ 24. Kf2 Nxh4 25. g4 Nxf5 26. gxf5 Rg2+ 27. Ke1 dxc3 28. Bxh6 Ba6 0-1

[Event "Utebo Hotel el Aguila-B"]
[Site "Utebo"]
[Date "2018.06.19"]
[Round "4"]
[White "Palomar Ramon, Santiago"]
[Black "Moreno Martin Viveros, Alvaro"]
[Result "0-1"]
[WhiteElo "1951"]
[BlackElo "2118"]
[PlyCount "88"]
[EventDate "2018.06.18"]
[EventType "tourn"]
[EventRounds "9"]
[EventCountry "ESP"]
[SourceTitle "EXT 2024"]
[Source "ChessBase"]
[SourceDate "2023.10.10"]
[SourceVersion "1"]
[SourceVersionDate "2023.10.10"]
[SourceQuality "1"]

1. e4 c5 2. Nc3 a6 3. Nf3 d6 4. d4 cxd4 5. Nxd4 Nf6 6. f4 e6 7. Be2 Be7 8. 0-0 Qc7 9. Bf3 0-0 10. Kh1 Nc6 11. Be3 Bd7 12. Qe1 Rac8 13. Qg3 Nxd4 14. Bxd4 Bc6 15. e5 Ne8 16. Ne4 Bxe4 17. Bxe4 f5 18. exd6 Bxd6 19. Bd3 Nf6 20. Rae1 Rce8 21. Qf3 Kh8 22. g3 b5 23. a3 e5 24. fxe5 Bxe5 25. Bxe5 Rxe5 26. Rxe5 Qxe5 27. Qxf5 Qxb2 28. Qc5 Re8 29. Rf2 Qe5 30. Qxe5 Rxe5 31. Kg2 Kg8 32. a4 bxa4 33. Rf4 Ra5 34. Rf5 Rxf5 35. Bxf5 Kf8 36. Kf3 Ke7 37. Bd3 a3 38. Bc4 Kd6 39. Ke2 Kc5 40. Ba2 Kd4 41. Kd1 Kc3 42. Kc1 Ng4 43. Kd1 Nxh2 44. Bg8 h6 0-1

[Event "Utebo Hotel el Aguila-B"]
[Site "Utebo"]
[Date "2018.06.18"]
[Round "1"]
[White "Antonano Fedz Quincoces, Avelino"]
[Black "Palomar Ramon, Santiago"]
[Result "1-0"]
[WhiteElo "2073"]
[BlackElo "1951"]
[PlyCount "129"]
[EventDate "2018.06.18"]
[EventType "tourn"]
[EventRounds "9"]
[EventCountry "ESP"]
[SourceTitle "EXT 2024"]
[Source "ChessBase"]
[SourceDate "2023.10.10"]
[SourceVersion "1"]
[SourceVersionDate "2023.10.10"]
[SourceQuality "1"]

1. e4 e5 2. Nf3 Nc6 3. d4 exd4 4. Bc4 Bc5 5. c3 Nf6 6. cxd4 Bb4+ 7. Bd2 Nxe4 8. Bxb4 Nxb4 9. Bxf7+ Kxf7 10. Qb3+ Kf8 11. Qxb4+ Qe7 12. Qxe7+ Kxe7 13. 0-0 Re8 14. Re1 Kf8 15. Ne5 Ng5 16. Nc3 d6 17. Nc4 Bd7 18. d5 h6 19. Na5 Nf7 20. f4 b6 21. Nb3 c5 22. dxc6 Bxc6 23. Nd4 Rxe1+ 24. Rxe1 Re8 25. Rxe8+ Bxe8 26. Ne6+ Kg8 27. Kf2 Bd7 28. Nd4 Kf8 29. Ncb5 a6 30. Nc7 Bc8 31. Nc6 d5 32. Nb4 Nd6 33. Nbxd5 b5 34. b3 Nf5 35. Nb6 Bb7 36. g4 Nd4 37. Ke3 Nc2+ 38. Kd2 Nd4 39. Kd3 Nf3 40. h3 Ke7 41. Ncd5+ Kd6 42. Ne3 g6 43. a4 Kc5 44. Nd7+ Kb4 45. Nc2+ Kxb3 46. Nc5+ Kb2 47. Nxb7 bxa4 48. Na5 Ng1 49. Nc4+ Kb3 50. Nd4+ Kb4 51. Nc2+ Kb3 52. h4 Nh3 53. Na5+ Kb2 54. f5 gxf5 55. gxf5 Nf2+ 56. Ke3 Kxc2 57. Kxf2 a3 58. Nc6 a5 59. f6 a2 60. f7 a1Q 61. f8Q a4 62. Qf5+ Kd2 63. Qd5+ Kc2 64. Nb4+ Kb2 65. Nd3+ 1-0

[Event "Aragon-chT Preferente Gr I "]
[Site "Aragon"]
[Date "2018.01.27"]
[Round "1.48"]
[White "Mejia Palomino, Rodrigo Alberto"]
[Black "Palomar Ramon, Santiago"]
[Result "0-1"]
[WhiteElo "1619"]
[BlackElo "1914"]
[PlyCount "119"]
[EventDate "2018.01.27"]
[EventType "team-tourn"]
[EventRounds "9"]
[EventCountry "ESP"]
[SourceTitle "EXT 2019"]
[Source "ChessBase"]
[SourceDate "2018.10.10"]
[SourceVersion "1"]
[SourceVersionDate "2018.10.10"]
[SourceQuality "1"]
[WhiteTeam "Agrupacion III"]
[BlackTeam "San Jose"]
[WhiteTeamCountry "ESP"]
[BlackTeamCountry "ESP"]

1. e4 e5 2. Nf3 Nc6 3. Bb5 d6 4. d4 Bd7 5. d5 Nce7 6. Bxd7+ Qxd7 7. c4 Ng6 8. Nc3 Be7 9. 0-0 Nf6 10. Re1 0-0 11. Qa4 Qc8 12. Ng5 Nh5 13. Nh3 Nhf4 14. Nxf4 exf4 15. f3 Bf6 16. Ne2 Be5 17. Rb1 f5 18. Qc2 fxe4 19. Qxe4 Qd7 20. Nd4 Bxd4+ 21. Qxd4 Rae8 22. Bd2 b6 23. Bc3 Ne5 24. Kh1 Rf7 25. Re4 Ref8 26. b4 a6 27. Rb3 Qa4 28. Rb2 Qd7 29. Rb3 b5 30. c5 Nc4 31. c6 Qf5 32. Ba1 Ne3 33. Rd3 Nc2 34. Qc3 Nxa1 35. Qxa1 Qg5 36. Qe1 Rf5 37. Re7 Re5 38. Rxe5 Qxe5 39. Qxe5 dxe5 40. d6 cxd6 41. Rxd6 Rc8 42. g3 Kf7 43. Rd7+ Kf6 44. c7 fxg3 45. hxg3 h5 46. Kg2 g5 47. Kh3 Ke6 48. Rh7 g4+ 49. fxg4 hxg4+ 50. Kxg4 Kd5 51. Kf5 Rf8+ 52. Kg6 Kd6 53. Rf7 Rg8+ 54. Rg7 Rxg7+ 55. Kxg7 Kxc7 56. Kh6 e4 57. g4 e3 58. g5 e2 59. g6 e1Q 60. g7 0-1

[Event "Aragon-ch Seniors-A"]
[Site "Zaragoza"]
[Date "2017.05.27"]
[Round "6"]
[White "Palomar Ramon, Santiago"]
[Black "Gaston Cabello, Jorge Luis"]
[Result "1/2-1/2"]
[WhiteElo "1944"]
[BlackElo "1717"]
[PlyCount "69"]
[EventDate "2017.04.22"]
[EventType "swiss"]
[EventRounds "8"]
[EventCountry "ESP"]
[SourceTitle "EXT 2019"]
[Source "ChessBase"]
[SourceDate "2018.10.10"]
[SourceVersion "1"]
[SourceVersionDate "2018.10.10"]
[SourceQuality "1"]

1. e4 d5 2. exd5 Nf6 3. c4 c6 4. Qa4 Bd7 5. Qb3 Qc7 6. Nc3 Na6 7. d4 e5 8. Nge2 exd4 9. Bf4 Nc5 10. Bxc7 Nxb3 11. dxc6 Bxc6 12. axb3 dxc3 13. bxc3 Be7 14. Bb6 0-0 15. Rxa7 Nd7 16. Rxa8 Rxa8 17. Bd4 Nc5 18. Bxc5 Bxc5 19. Nd4 Ra2 20. Nxc6 Bxf2+ 21. Kd1 bxc6 22. g3 Be3 23. b4 Bd2 24. Bg2 Bxc3 25. Bxc6 Bxb4 26. Bd5 Bd6 27. Rf1 Ra1+ 28. Ke2 Rxf1 29. Kxf1 h5 30. Kg2 g6 31. h3 Kg7 32. g4 hxg4 33. hxg4 f5 34. Kf3 fxg4+ 35. Kxg4 1/2-1/2

[Event "Aragon-chT Honor GrB"]
[Site "Aragon"]
[Date "2017.02.04"]
[Round "2.22"]
[White "Palomar Ramon, Santiago"]
[Black "Gines Esteo, Pedro Antonio"]
[Result "0-1"]
[WhiteElo "1944"]
[BlackElo "2325"]
[PlyCount "122"]
[EventDate "2017.01.28"]
[EventType "team-tourn"]
[EventRounds "7"]
[EventCountry "ESP"]
[SourceTitle "EXT 2018"]
[Source "ChessBase"]
[SourceDate "2017.10.13"]
[SourceVersion "1"]
[SourceVersionDate "2017.10.13"]
[SourceQuality "1"]
[WhiteTeam "San Jose"]
[BlackTeam "Jaque"]
[WhiteTeamCountry "ESP"]
[BlackTeamCountry "ESP"]

1. e4 d6 2. d4 Nf6 3. Nc3 e5 4. Nf3 Nbd7 5. Bc4 Be7 6. a4 0-0 7. 0-0 a6 8. a5 exd4 9. Qxd4 Ng4 10. Nd5 Bf6 11. Nxf6+ Qxf6 12. Bg5 Qxd4 13. Nxd4 h6 14. Bd2 Ngf6 15. f3 b5 16. axb6 Nxb6 17. Ba2 Re8 18. Rfe1 Bd7 19. b4 Bb5 20. Nb3 Nc4 21. Bc3 Nd7 22. Na5 Nxa5 23. bxa5 Ne5 24. Rab1 Bc4 25. Bxc4 Nxc4 26. Rb7 Rec8 27. Ra1 c6 28. Rd1 Rab8 29. Ra7 Ne3 30. Rc1 Ra8 31. Bd4 Rxa7 32. Bxa7 Nc4 33. Ra1 Rc7 34. Ra4 d5 35. exd5 cxd5 36. Bd4 Rb7 37. Kf2 f6 38. Ke2 Rb5 39. Bc3 Rb1 40. Ra1 Rxa1 41. Bxa1 Nxa5 42. Kd3 Nc6 43. Kc3 Kf7 44. Kb3 Ke6 45. Bc3 h5 46. Be1 Ne5 47. Kb4 Nc4 48. Bf2 g5 49. Kc5 h4 50. Kd4 a5 51. Be1 a4 52. Bc3 a3 53. Ba1 a2 54. Bc3 Kf5 55. g3 h3 56. Ba1 Nd2 57. Kxd5 Nxf3 58. g4+ Kxg4 59. Bxf6 Nxh2 60. c4 Nf1 61. c5 h2 0-1

[Event "Aragon-chT Honor GrB"]
[Site "Aragon"]
[Date "2016.02.27"]
[Round "5.20"]
[White "Palomar Ramon, Santiago"]
[Black "Carruez Berges, Santiago"]
[Result "0-1"]
[WhiteElo "1980"]
[BlackElo "2046"]
[PlyCount "38"]
[EventDate "2016.01.30"]
[EventType "team-tourn"]
[EventRounds "7"]
[EventCountry "ESP"]
[SourceTitle "EXT 2018"]
[Source "ChessBase"]
[SourceDate "2017.10.13"]
[SourceVersion "1"]
[SourceVersionDate "2017.10.13"]
[SourceQuality "1"]
[WhiteTeam "San Jose"]
[BlackTeam "Agrupacion"]
[WhiteTeamCountry "ESP"]
[BlackTeamCountry "ESP"]

1. f4 Nf6 2. Nf3 g6 3. b3 Bg7 4. Bb2 0-0 5. e3 d6 6. Nc3 Nbd7 7. Ne2 e5 8. g3 Nh5 9. Bc3 Nc5 10. Bg2 Ne4 11. 0-0 Nxc3 12. dxc3 c6 13. Qe1 Bf5 14. Rd1 Qb6 15. Qf2 Nf6 16. Nd2 Ng4 17. Nc4 Nxf2 18. Nxb6 Nxd1 19. Nxa8 Nxe3 0-1

[Event "Zaragoza Province-ch Preferente"]
[Site "Zaragoza"]
[Date "2015.11.08"]
[Round "6"]
[White "Baquedano Coarasa, Pablo"]
[Black "Palomar Ramon, Santiago"]
[Result "1-0"]
[WhiteElo "1911"]
[BlackElo "1957"]
[PlyCount "69"]
[EventDate "2015.09.27"]
[EventType "swiss"]
[EventRounds "6"]
[EventCountry "ESP"]
[SourceTitle "CBM 170 Extra"]
[Source "ChessBase"]
[SourceDate "2016.02.25"]
[SourceVersion "1"]
[SourceVersionDate "2016.02.25"]
[SourceQuality "1"]

1. d4 Nf6 2. c4 e5 3. dxe5 Ng4 4. Bf4 Nc6 5. Nf3 Bb4+ 6. Nbd2 Qe7 7. e3 Ngxe5 8. Nxe5 Nxe5 9. a3 Bxd2+ 10. Qxd2 a5 11. Qc3 f6 12. Be2 0-0 13. 0-0 b6 14. Rfc1 d6 15. b4 axb4 16. axb4 Bg4 17. Bf1 Nd7 18. Ra3 Bh5 19. Rca1 Qe4 20. Bd3 Qc6 21. Ra7 b5 22. Qc2 Bg6 23. Bxg6 hxg6 24. c5 g5 25. Qa2+ Kh7 26. Rxa8 gxf4 27. Rxf8 Nxf8 28. Qc2+ Kh6 29. exf4 Ne6 30. f5 Nf4 31. f3 Kg5 32. g3 Nd5 33. Qe4 Nxb4 34. Qg4+ Kh6 35. Qg6# 1-0

[Event "Aragon-ch Seniors"]
[Site "Zaragoza"]
[Date "2015.05.09"]
[Round "4"]
[White "Palomar Ramon, Santiago"]
[Black "Vasilev, Vas"]
[Result "1-0"]
[WhiteElo "1952"]
[BlackElo "1943"]
[PlyCount "57"]
[EventDate "2015.04.18"]
[EventType "swiss"]
[EventRounds "8"]
[EventCountry "ESP"]
[SourceTitle "EXT 2017"]
[Source "ChessBase"]
[SourceDate "2016.10.25"]
[SourceVersion "1"]
[SourceVersionDate "2016.10.25"]
[SourceQuality "1"]

1. e4 d5 2. exd5 Qxd5 3. Nc3 Qd8 4. d4 Nf6 5. Nf3 Bg4 6. h3 Bxf3 7. Qxf3 c6 8. Bd3 e6 9. 0-0 Be7 10. Ne2 0-0 11. Bf4 Qd5 12. Qe3 c5 13. c4 cxd4 14. Nxd4 Qd7 15. Nb5 Rc8 16. Rad1 Qc6 17. Nxa7 Rxa7 18. Qxa7 Bc5 19. Qa5 Nbd7 20. Qd2 e5 21. Bf5 Rc7 22. Bh2 g6 23. Bxd7 Rxd7 24. Qe2 Re7 25. Rd8+ Kg7 26. Bxe5 Bd6 27. Bxf6+ Kxf6 28. Qd3 Be5 29. Rd1 1-0

[Event "Aragon-chT Honor Descenso"]
[Site "Aragon"]
[Date "2015.03.14"]
[Round "8.24"]
[White "Juanes Garcia, Olaya"]
[Black "Palomar Ramon, Santiago"]
[Result "0-1"]
[WhiteElo "1797"]
[BlackElo "1949"]
[PlyCount "86"]
[EventDate "2015.02.21"]
[EventType "team-tourn"]
[EventRounds "10"]
[EventCountry "ESP"]
[SourceTitle "EXT 2017"]
[Source "ChessBase"]
[SourceDate "2016.10.25"]
[SourceVersion "1"]
[SourceVersionDate "2016.10.25"]
[SourceQuality "1"]
[WhiteTeam "Cerbuna CMU"]
[BlackTeam "San Jose"]
[WhiteTeamCountry "ESP"]
[BlackTeamCountry "ESP"]

1. e4 e6 2. d4 d5 3. e5 c5 4. c3 Qb6 5. Nf3 Nc6 6. a3 c4 7. g3 Na5 8. Nbd2 Bd7 9. Bg2 f5 10. Qe2 0-0-0 11. 0-0 Be7 12. Re1 g5 13. Nf1 Nb3 14. Rb1 Nxc1 15. Rexc1 g4 16. N3d2 Bg5 17. b3 Ne7 18. bxc4 Qa6 19. Ne3 Bc6 20. Bf1 Kb8 21. Nb3 b6 22. Qa2 dxc4 23. Nc5 Qc8 24. Bxc4 Bd5 25. Nxd5 exd5 26. Ba6 Qc6 27. Rd1 h5 28. Qe2 h4 29. Bb5 Qh6 30. e6 hxg3 31. Na6+ Kb7 32. fxg3 Be3+ 33. Kf1 f4 34. Rd3 Nf5 35. Nc5+ bxc5 36. Ba6+ Kc6 37. Qb2 Rb8 38. Bb7+ Kc7 39. Qb5 Nxg3+ 40. Ke1 Qxe6 41. Qxc5+ Kd8 42. Qa5+ Ke7 43. Qc7+ Kf6 0-1

[Event "Zaragoza Primavera op 2nd"]
[Site "Zaragoza"]
[Date "2014.06.01"]
[Round "5"]
[White "Manguez Cambra, Jose Luis"]
[Black "Palomar Ramon, Santiago"]
[Result "1/2-1/2"]
[WhiteElo "1766"]
[BlackElo "1994"]
[PlyCount "76"]
[EventDate "2014.04.27"]
[EventType "swiss"]
[EventRounds "9"]
[EventCountry "ESP"]
[SourceTitle "CBM 160 Extra"]
[Source "ChessBase"]
[SourceDate "2014.07.01"]
[SourceVersion "1"]
[SourceVersionDate "2014.07.01"]
[SourceQuality "1"]

1. d4 d5 2. c4 Nc6 3. Nc3 Nf6 4. Bg5 Ne4 5. cxd5 Nxc3 6. bxc3 Qxd5 7. Nf3 Bg4 8. Qb3 Qxb3 9. axb3 e6 10. e3 Bd6 11. Bb5 Bxf3 12. gxf3 Kd7 13. c4 a6 14. Bxc6+ Kxc6 15. c5 h6 16. Bh4 Bf8 17. Rg1 g5 18. Bg3 Bg7 19. Ke2 Rad8 20. h4 Rd5 21. b4 Bf6 22. hxg5 hxg5 23. Rh1 Rdd8 24. Kd3 Rxh1 25. Rxh1 Rh8 26. Rxh8 Bxh8 27. Kc4 f5 28. Kc3 b6 29. Kc4 Bg7 30. Bh2 Bf6 31. Bg3 a5 32. b5+ Kd7 33. c6+ Kd8 34. Bh2 Be7 35. Be5 a4 36. Kc3 a3 37. Kb3 Kc8 38. Bh2 Bf8 1/2-1/2